00422nam a2200193Ia 4500003000900000008004100009040001300050040001300063041000800076100002400084245003800108250001100146260001300157260000900170300001100179300001200190490002000202490000600222IT-RoPAU120407s9999 xx 000 0 und d aIT-RoPAU cIT-RoPAU aita aHeinrich Zimmermann aGesù Cristo. Storia e annuncio. aTorino aMarietti c1976 a222 p. c24,5 cm aCollana biblica v1